Queres ouvir? Eu conto (Registo nº 4520)

Detalhes MARC
000 -Etiqueta do registo
Cabeçalho 00904nam0a2200301 4500
005 - Identificador da versão
Campo de controlo 20240813122104.0
010 ## - Número internacional normalizado dos livros (ISBN)
Número (ISBN) 97897223499994
021 ## - Número do Depósito Legal
Código do país PT
Número 354527/13
100 ## - Dados gerais de processamento
Dados gerais de processamento 20161104d2015 cd y0pory5003 ba
102 ## - Pais de publicação ou produção
País de publicação Portugal
101 0# - Língua de publicação
Língua do texto, banda sonora, etc. Português
215 ## - Descrição física 
Indicação específica da natureza do documento e extensão da espécie 125, [2] p.
Outras indicações físicas il.
Dimensões 21 cm
200 1# - Titulo e menção de responsabilidade
Título próprio Queres ouvir? Eu conto
Primeira menção de responsabilidade Irene Lisboa
Outras menções de responsabilidade org. e nota introd. Paula Morão
-- il. Manuela Bacelar
225 1# - Colecção 
Título próprio da colecção Estrela do mar
Indicação de volume 142
205 ## - Menção da edição
Menção da edição 6ª ed
210 ## - Publicação, Distribuição, etc. 
Lugar da edição, distribuição, etc. Lisboa
Nome do editor, distribuidor, etc. Presença
Data da publicação, distribuição, etc. 2015
300 ## - Notas gerais 
Texto da nota Metas Curriculares
Texto da nota PNL
606 ## - Nome comum usado como assunto
Número de registo de entrada de autoridade 0001335
Palavra de ordem Literatura portuguesa
Subdivisão de assunto Conto
Código do sistema CA
675 ## - Classificação Decimal Universal (CDU)
Notação 821.134.3-34
Edição 3ª ed.
Língua da edição por
702 #1 - Nome de autor-pessoa física (responsabilidade secundária)
Número de registo de entrada de autoridade 0001429
Palavra de ordem Morão
Outra parte do nome não tomada para palavra de ordem Paula
Datas 1951-
Código de função Editor literário / Coordenador
Número de registo de entrada de autoridade 0000045
Palavra de ordem Bacelar
Outra parte do nome não tomada para palavra de ordem Manuela
Datas 1943-
Código de função Ilustrador / Técnico de desenho computorizado
700 #1 - Nome de autor-pessoa física (responsabilidade principal)
Número de registo de entrada de autoridade 0001428
Palavra de ordem Lisboa
Outra parte do nome não tomada para palavra de ordem Irene
Datas 1892-1958
966 ## - Identificação da Biblioteca
Sigla EBVEN
942 ## - Elementos de entrada adicionados (Koha)
Tipo de item no Koha Livro
Exemplares
Situação do levantamento Origin of item (home branch) (coded) Biblioteca de empréstimo Código de barras Cota Circulation type (not for loan) Tipo de documento Nota do exemplar Damaged status
  Biblioteca Escolar das Vendas Biblioteca Escolar das Vendas BEV2528 8POR LIS MET PNL   Livro Sem mensagem